000 00489nam a2200157 i 4500
001 95937
003 ES-MaACL
005 20230906181815.0
007 t|
008 050608s1936 fr ||||1| fre d
100 1 _aMackay, Ernest.
_975245
245 1 3 _aLa civilisation de l'Yndus Fouilles de Mohenjo-Daro et d'Harajopa /
_cErnest Mackay; traduit de l'anglais par A. et H. Collin Delavand.
260 _aParis :
_bPayot,
_c1936.
300 _a205 p. ;
_c23 cm.
852 _aES-MaACL
_jA-4447
999 _c95937
_d95937